| 000 | 00409nam a2200157Ia 4500 | ||
|---|---|---|---|
| 008 | 221030s9999 xx 000 0 und d | ||
| 020 | _a8175152958 | ||
| 041 | _aEnglish | ||
| 082 |
_a105.23 _bJin |
||
| 100 | _aU. C. Jindal | ||
| 245 | 0 |
_aApplied Mechanics Statics & Strength of Materials _cby U. C. Jindal |
|
| 260 |
_bGalgotia Pub _aNew Delhi _c2002 |
||
| 300 | _a499 | ||
| 650 | _aMechanical | ||
| 942 | _cBK | ||
| 999 |
_c8226 _d8226 |
||